000 00659nam a2200229Ia 4500
003 OSt
005 20220918110426.0
006 a|||||r|||| 00| 0
007 ta
008 220915b |||||||| |||| 00| 0 eng d
024 _a92,459
037 _cReference Collections
040 _aARTS
_cARTS
_beng
041 _2eng
_aeng
082 _aAk, J8(RR)
100 _aTweney C. F. Au.
_97689
245 0 _aTechnical dictionary
260 _aNew York
_bThe Macmillan Company USA
_c1961
700 _a Hughes L. E. C. Au.
_97690
942 _hAk, J8(RR)
_cREF
999 _c112713
_d112713